Champions League Winning Teams Details, 2010s - Statistics

General Stats
  • This quiz has been taken 1,482 times
  • The average score is 28 of 35
Answer Stats
Answer % Correct
Chelsea
99%
Barcelona
98%
Real Madrid
98%
Bayern Munich
97%
Liverpool
97%
Cristiano Ronaldo
96%
Lionel Messi
96%
Zinedine Zidane
95%
Jurgen Klopp
94%
Inter Milan
91%
Sergio Ramos
91%
Mohamed Salah
90%
Robert Lewandowski
90%
Pep Guardiola
88%
Thomas Tuchel
88%
Carlo Ancelotti
86%
Jose Mourinho
85%
Andres Iniesta
84%
Jordan Henderson
83%
Neymar
83%
Didier Drogba
81%
Manuel Neuer
80%
Carles Puyol
78%
Luis Enrique
78%
Phillip Lahm
78%
Hansi Flick
74%
Iker Casillas
71%
Thomas Muller
71%
Diego Milito
67%
Frank Lampard
67%
Cesar Azpilicueta
62%
Javier Zanetti
60%
Roberto Di Matteo
52%
Jupp Heynckes
46%
Olivier Giroud
31%
No matching quizzes found
Score Distribution
Percent of People with Each Score
Percentile by Number Answered
Your Score History
You have not taken this quiz